| 000 | 02495nab a2200241 ab4500 | ||
|---|---|---|---|
| 005 | 20260525124008.0 | ||
| 008 | 2026 c2026 ve frYpoo spa d59682 | ||
| 040 |
_aMX-MxUPN _bspa _cMX-MxUPN _eaacr2 |
||
| 003 | |||
| 100 | 1 |
_aCastro Antolínez, Yamileht Virginia _959682 |
|
| 245 | 1 | 0 |
_aCapacitación docente en educación media general : _buna acción urgente _h[recurso electrónico en línea] |
| 506 | 0 | _aAcceso abierto | |
| 520 | 3 |
_aLa realidad actual del éxodo de profesionales en la educación venezolana exige que se tomen decisiones administrativas en torno a la contratación de nuevos maestros. Un número considerable de personas que aplican para ello están capacitadas en otros campos o no culminaron la formación docente. Ante esto surge la intención de desarrollar un análisis en torno a la presencia considerable de personas que se desempeñan como maestros en Educación Media General (EMG) del sistema venezolano y la influencia que esta acción pudiera generar en la propuesta educativa, académica y organizacional de este país. Metodológicamente, responde a un enfoque cualitativo, con la aplicación de una entrevista semiestructurada a ocho personas que laboran como docentes en un centro educativo público del nivel de EMG, en Mérida, Venezuela. En los resultados se evidenció que el número de personas no formadas en educación, es superior a los que sí lograron sus estudios en este campo. Se constató que la formación personal y actualización por parte del centro en el que laboran se ha disipado. Sin embargo, se les acreditó para desempeñarse en áreas afines a los posibles estudios previos que realizaron. No ha sido así con los profesores de formación quienes, a pesar de tener un significativo número de años en la docencia y haber realizado estudios de cuarto nivel, ejercen en disciplinas distintas a las de su formación. Se concluye en la urgencia de establecer programas de formación y actualización de los nuevos maestros en las diferentes asignaturas de este nivel. _cREDIE |
|
| 653 | 0 | _aEducación media general | |
| 653 | 0 | _aNuevos maestros | |
| 653 | _aFormación | ||
| 653 | _aActualización | ||
| 773 |
_gVol. 18, no. 1 (2026), p. 22-34 _tREDINE : red de investigación educativa _x2244–7997 |
||
| 856 | 4 | _uhttps://revistas.uclave.org/index.php/redine/article/view/5606 | |
| 856 | 4 | _uhttps://revistas.uclave.org/index.php/redine/article/view/5606/3651 | |
| 902 | _aLeonor Sotres/250526 | ||
| 942 |
_cART-E _2lcc |
||
| 999 |
_c215193 _d215193 |
||